| 000 | 01011nam a2200253 a 4500 | ||
|---|---|---|---|
| 005 | 20210702092621.0 | ||
| 008 | 120830s2020 enka|||gr|||| 00| 0 eng d | ||
| 020 | _a9781838661427 | ||
| 040 |
_aCO-BoUCM _bspa _cDeissy Garcia _dDeissy Garcia |
||
| 041 | 0 | _aeng | |
| 100 | 1 |
_aFox Weber, Nicholas _9103435 |
|
| 245 | 1 | 0 |
_aAnni & Josef Albers _bequal and unequal _cNicholas Fox Weber |
| 260 |
_aLondres _bPhaidon _c2020 |
||
| 300 |
_a512 páginas _bilustraciones |
||
| 500 | _aBibliografía Básica - Facultad de Creación - Pregrado en Artes - Diseño - Arquitectura | ||
| 504 | _aIncluye referencias bibliográficas e índices | ||
| 610 | 1 | 0 |
_aAlbers, Josef _d1888-1976 _xBiografías _9104010 |
| 610 | 1 | 0 |
_aAlbers, Anni, _d1899-1994 _xBiografías _9104011 |
| 650 | 7 |
_aArtistas _xBiografías _ySiglo XX _zAlemania _9104012 |
|
| 650 | 0 |
_928953 _aArte moderno _ySiglo XX |
|
| 650 | 0 |
_aMujeres artistas _zAlemania _9104013 |
|
| 942 |
_cLIBRO _2DEWEY _a19 _e1 _h927.43 _mA332 _n0 |
||
| 999 |
_c318799 _d318799 |
||